| 000 | 00505nam a2200157 a 4500 | ||
|---|---|---|---|
| 001 | 2908 | ||
| 003 | CDMR | ||
| 005 | 20130315104610.0 | ||
| 008 | 130130s1999||||||||||||||||||||||||||||d | ||
| 020 | _a8483007967 | ||
| 040 |
_aCDMR _bcat _cCDMR |
||
| 111 | 2 |
_aJornades Parlamentàries sobre Mitjans de Comunicació Audiovisual _cBarcelona _d1999 _n3es _9738 |
|
| 245 | 1 | 0 |
_aModel i finançament de les televisions públiques _b: Catalunya dins el marc europeu |
| 260 |
_aBarcelona _c1999 _bColumna |
||
| 942 |
_cMON _2udc |
||
| 999 |
_c2908 _d2908 |
||